| 000 | 00482nam a2200181Ia 4500 | ||
|---|---|---|---|
| 008 | 240925s9999 xx 000 0 und d | ||
| 020 | _a9788131733769 | ||
| 082 | _a658.87 BER | ||
| 100 | _aBerman ,Barry ; Evans, Joel R. | ||
| 245 | 0 | _aRetail Management: a strategic approach | |
| 250 | _a11th | ||
| 260 |
_aNew Delhi: _bPearson Education _c,2011. |
||
| 300 |
_a624p. _b0 _fOriginal |
||
| 500 | _aIncludes Index | ||
| 600 | _aManagement | ||
| 650 | _aManagement | ||
| 942 | _cBK | ||
| 999 |
_c15346 _d15346 |
||